| 000 | 01245nam a22003617a 4500 | ||
|---|---|---|---|
| 001 | BR7200764 | ||
| 003 | BR-BrBNA | ||
| 005 | 20230928083816.0 | ||
| 007 | ta | ||
| 008 | 230509b bl.||||| |||| 00| 0 por d | ||
| 040 |
_aBR-BrBNA _bpor _cBiblioteca Nacional de Agricultura |
||
| 041 | _a(Spa) | ||
| 072 |
_aF00; E10; E30 _b0430 _b0150 _b0120 _b0170 _b5212 _b/G518 |
||
| 090 | _ 0430 BR7200764 | ||
| 110 | 1 |
_aCentro de Treinamento em Desenvolvimento Economico, Fortaleza, CE (Brasil) _91678 |
|
| 245 | 1 |
_aDistrito de Riego Cordoba no. 1 INCORA [algodao, arroz, milho, sorgo, rebanho, mercado, credito, Colombia] _b1. Curso Nacional de Elaboracao e Avaliacao de Projetos |
|
| 260 | 3 |
_aBogota (Colombia): _c[nd]. |
|
| 300 | _a208 p. | ||
| 500 | _a46 tables; 7 Maps, Scale 1:20,000; 5 graphs; Published 1971? 27 ref. (*) Documento disponível na(o) Centro de Treinamento em Desenvolvimento Economico, Fortaleza, CE (Brazil) | ||
| 650 | _aGEOLOGIA | ||
| 650 | _aSOLO | ||
| 650 | _aARROZ | ||
| 650 | _aALGODAO | ||
| 650 | _aSORGO | ||
| 650 | _aMILHO | ||
| 650 | _aREBANHO | ||
| 650 | _aMERCADO | ||
| 650 | _aCREDITO | ||
| 650 | _aDEMOGRAFIA | ||
| 650 | _aSOCIOLOGIA RURAL | ||
| 909 |
_a202309 _bLucia _c55 _dLucia Elande |
||
| 942 | _cBK | ||
| 999 |
_c15332 _d15332 |
||